000 00557nam a2200193Ia 4500
005 20250923150018.0
008 008 250917s9999 xx 000 0 eng d
037 _aTextual
040 _aDSWL
_beng
_cDSWL
041 _aeng
_2eng
084 _aY72:7:7x2, N99
_qDSWL
245 0 _aState , development and alternatives
_cEd. by Ambrose Pinto
260 _aNew Delhi
_bIndian Social Institute
_c1999
300 _axiii,313 p.
365 _aINR
_b300.00
925 _g300.00
942 _cTEXL
_hY72:7:7x2, N99
999 _c1458479
_d1458479